El neoconstitucionalismo de la izquierda latinoamericana: el caso de Honduras /

Gespeichert in:
Bibliographische Detailangaben
1. Verfasser: Mendoza, Breny
Format: Text
Tags: Tag hinzufügen
Keine Tags, Fügen Sie den ersten Tag hinzu!

MARC

LEADER 00000 a a2200000 04500
001 42984
003
040
100 |a Mendoza, Breny  
245 |a El neoconstitucionalismo de la izquierda latinoamericana:   |b el caso de Honduras /  |c Breny Mendoza  
500 |a breny.mendoza@csun.ed  
773 |g volumen7, número2 ( , 2010), páginas 5-22  
999 |c 31185  |d 31185